Mark Wahlberg - All The Movies - Statistics

General Stats
  • This quiz has been taken 6 times
  • The average score is 23 of 59
Answer Stats
Picture Answer % Correct
Ted (2012)
100%
Ted 2 (2015)
100%
Daddy’s Home (2015)
83%
Daddy’s Home 2 (2017)
83%
The Other Guys (2010)
83%
Arthur The King (2024)
67%
Flight Risk (2025)
67%
Instant Family (2018)
67%
Pain & Gain (2013)
67%
Planet Of The Apes (2001)
67%
Scoob! (2020)
67%
Uncharted (2022)
67%
2 Guns (2013)
50%
Entourage (2015)
50%
Father Stu (2022)
50%
Infinite (2021)
50%
Me Time (2022)
50%
Spenser Confidential (2020)
50%
The Family Plan (2023)
50%
The Family Plan 2 (2025)
50%
Transformers: Age Of Extinction (2014)
50%
Transformers: The Last Knight (2017)
50%
All The Money In The World (2017)
33%
Boogie Nights (1997)
33%
Date Night (2010)
33%
Deepwater Horizon (2016)
33%
Fear (1996)
33%
Four Brothers (2005)
33%
Lone Survivor (2013)
33%
Mile 22 (2018)
33%
The Basketball Diaries (1995)
33%
The Departed (2006)
33%
The Fighter (2010)
33%
The Happening (2008)
33%
The Italian Job (2003)
33%
The Union (2024)
33%
Three Kings (1999)
33%
Broken City (2013)
17%
Contraband (2012)
17%
I 🖤 Huckabees (2004)
17%
Invincible (2006)
17%
Joe Bell (2020)
17%
Max Payne (2008)
17%
Mojave (2016)
17%
Patriots Day (2016)
17%
Play Dirty (2025)
17%
Renaissance Man (1994)
17%
Rock Star (2001)
17%
Shooter (2007)
17%
The Big Hit (1998)
17%
The Corruptor (1999)
17%
The Gambler (2014)
17%
The Lovely Bones (2009)
17%
The Perfect Storm (2000)
17%
The Substitute (1993)
17%
The Truth About Charlie (2002)
17%
The Yards (2000)
17%
Traveller (1997)
17%
We Own The Night (2007)
17%
No matching quizzes found
Score Distribution
Percent of People with Each Score
Percentile by Number Answered
Your Score History
You have not taken this quiz